LEADER 00902nam0-22002891i-450- 001 990004030090403321 005 20070725103148.0 035 $a000403009 035 $aFED01000403009 035 $a(Aleph)000403009FED01 035 $a000403009 100 $a19990604d1986----km-y0itay50------ba 101 0 $aeng 105 $ay-------001yy 200 1 $aHospital life in Enlightenment Scotland$ecare and teaching at the Royal infirmary of Edimburgh$fGuenter B. Risse 210 $aCambridge$aLondon$cCambridge University Press$d1986 215 $aXI, 450 p.$d22 cm 225 1 $aCambridge history of medicine 676 $a362.11 700 1$aRisse,$bGuenter B.$0153414 801 0$aIT$bUNINA$gRICA$2UNIMARC 901 $aBK 912 $a990004030090403321 952 $a362.11 RIS 1$bDDS.1035$fFLFBC 959 $aFLFBC 996 $aHospital life in Enlightenment Scotland$9470842 997 $aUNINA LEADER 01227nam0-22003371i-450- 001 990007885940403321 005 20060331090957.0 010 $a88-222-5300-0 035 $a000788594 035 $aFED01000788594 035 $a(Aleph)000788594FED01 035 $a000788594 100 $a20040517d2004----km-y0itay50------ba 101 0 $aita 102 $aIT 105 $aae--o---001yy 200 1 $aRappresentazioni di divinità e di devoti dall'area sacra urbana di Metaponto$ela coroplastica votiva dalla fine del 7. all'inizio del 5. sec. a. C.$fValentina Barberis 210 $a[Firenze]$cLeo S. Olschki$d2004 215 $a299 p.$cill.$d24 cm 225 1 $aFacoltà di Lettere e Filosofia. Fondo di studi Parini-Chirio$eUniversità degli Studi di Torino$hNuova serie$iArcheologia$v1 610 0 $aMetaponto$aScultura$a7.-5. sec. a.C. 610 0 $aCoroplastica$aMetaponto 676 $a731.2$v21$zita 700 1$aBarberis,$bValentina$0162836 801 0$aIT$bUNINA$gRICA$2UNIMARC 901 $aBK 912 $a990007885940403321 952 $a731.2 BAR 1$bBibl.49433$fFLFBC 959 $aFLFBC 996 $aRappresentazioni di divinità e di devoti dall'area sacra urbana di Metaponto$9280519 997 $aUNINA LEADER 01480nam 2200421 450 001 9910150299703321 005 20230810001321.0 010 $a1-4994-3062-0 035 $a(CKB)3710000000942845 035 $a(MiAaPQ)EBC5384074 035 $a(EXLCZ)993710000000942845 100 $a20180710d2017 ay 0 101 0 $aeng 135 $aurcnu|||||||| 181 $ctxt$2rdacontent 182 $cc$2rdamedia 183 $acr$2rdacarrier 200 10$aBird fossils /$fSara Paulson Meehan 210 1$aNew York, New York :$cPowerKids Press,$d2017. 215 $a1 online resource (34 pages) 225 1 $aFossil Files 300 $aIncludes index. 311 $a1-4994-2861-8 327 $aBirds in the age of dinosaurs -- How fossils are formed -- A dinosaur or a bird? -- Tracing birds back to theropods -- The earliest bird -- Archaeopteryx is dethroned -- Meet confuciusornis -- Prehistoric seabirds -- The terror birds of south america -- Modern birds appear -- Learning to fly -- An amazing find in amber -- A new species -- The hunt continues. 410 0$aFossil files. 606 $aFossils$vJuvenile literature 606 $aBirds, Fossil$vJuvenile literature 615 0$aFossils 615 0$aBirds, Fossil 676 $a568 700 $aPaulson Meehan$b Sara$01248364 801 0$bMiAaPQ 801 1$bMiAaPQ 801 2$bMiAaPQ 906 $aBOOK 912 $a9910150299703321 996 $aBird fossils$92893385 997 $aUNINA